Fruit And Vegetable Presesrvation Principles & Practices (Record no. 466)

MARC details
000 -LEADER
fixed length control field 00360nam a22001457a 4500
020 ## - INTERNATIONAL STANDARD BOOK NUMBER
International Standard Book Number 978-8123924373
041 ## - LANGUAGE CODE
Language code of text/sound track or separate title ENG
100 ## - MAIN ENTRY--PERSONAL NAME
Personal name Srivastava .R.P
245 ## - TITLE STATEMENT
Title Fruit And Vegetable Presesrvation Principles & Practices
260 ## - PUBLICATION, DISTRIBUTION, ETC. (IMPRINT)
Place of publication, distribution, etc Lucknow
Name of publisher, distributor, etc Interational Book Distributing
Date of publication, distribution, etc 1998
300 ## - PHYSICAL DESCRIPTION
Extent 443
650 ## - SUBJECT ADDED ENTRY--TOPICAL TERM
Topical term or geographic name as entry element APE
700 ## - ADDED ENTRY--PERSONAL NAME
Personal name Kumar .S
856 ## - ELECTRONIC LOCATION AND ACCESS
Uniform Resource Identifier APE
Holdings
Withdrawn status Lost status Source of classification or shelving scheme Damaged status Not for loan Home library Current library Shelving location Date acquired Total Checkouts Barcode Date last seen Price effective from Koha item type Cost, normal purchase price
    Dewey Decimal Classification     College of Agricultural Engineering and Technology, Dapoli , Library College of Agricultural Engineering and Technology, Dapoli , Library Book Cart 27/08/2021   000927 27/08/2021 27/08/2021 Books  
    Dewey Decimal Classification     College of Agricultural Engineering and Technology, Dapoli , Library College of Agricultural Engineering and Technology, Dapoli , Library Book Cart 10/08/2022   007994 10/08/2022 10/08/2022 Books 650.00

Contact Us: College of Agricultural Engineering and Technology, Dapoli, Dist.- Ratnagiri
Website: https://dbskkv.org Email: caetlibrary2015@gmail.com